000 00817nam a2200277Ia 4500
003 OSt
005 20221006153216.0
006 a|||||r|||| 00| 0
007 ta
008 221006b |||||||| |||| 00| 0 kor d
020 _cW 12,000
024 _a31,607
037 _bGift, Korean Embassy
_cTextual
040 _aEASL
_cEASL
_bkor
041 _2kor
_akor
082 _aO495,3x, P4
100 _aKIM Jae-Yong Au.
_9662908
245 0 _aWae uri sinhwainga
_b Dongbuka sinhwa-ui ppuri (cheongung daejon)gwa uri sinhwa
260 _aSeoul
_bDong Asia Korea
_c2004
300 _a363p.
_ccm.
490 _v KL
650 _aKL
700 _a LEE Jong-Joo Au.
_9662909
942 _hO495,3x, P4
_cTEXL
_2CC
999 _c1099693
_d1099693